Thiết chế văn hóa tâm linh qua tục thờ Thiên Hậu của người Hoa ở Tây Nam Bộ : Truyền thống và biến đổi /

Spremljeno u:
Bibliografski detalji
Glavni autor: Trần Hồng Liên.
Format: Članak
Jezik:Vietnamese
Teme:
Oznake: Dodaj oznaku
Bez oznaka, Budi prvi tko označuje ovaj zapis!
Thư viện lưu trữ: Thư viện Trường Đại học Đà Lạt
LEADER 00847nam a2200265 4500
001 DLU170179018
005 ##20170308
040 # # |a DLU  |b vie 
041 # # |a vie 
044 # # |a vn 
100 # # |a Trần Hồng Liên. 
245 # # |a Thiết chế văn hóa tâm linh qua tục thờ Thiên Hậu của người Hoa ở Tây Nam Bộ :  |b Truyền thống và biến đổi /  |c Trần Hồng Liên. 
653 # # |a Người Hoa  
653 # # |a Tây Nam Bộ 
653 # # |a Tục thờ 
653 # # |a Thiên Hậu 
773 # # |t Nghiên cứu tôn giáo  |g Số 2(140), 2015, tr. 102-117 
920 # # |a Phòng Tạp chí -- Trung tâm Thông tin - Thư viện Trường Đại học Đà Lạt 
900 # # |a True 
911 # # |a Nguyễn Thị Thu Phương 
925 # # |a G 
926 # # |a A 
927 # # |a BB 
980 # # |a Thư viện Trường Đại học Đà Lạt